Entry Nombre personal
001 - NÚMERO DE CONTROL
- campo de control: 233771
003 - IDENTIFICADOR DE NÚMERO DE CONTROL
- campo de control: ES-MaACL
005 - FECHA Y HORA DE LA ÚLTIMA TRANSACCIÓN
- campo de control: 20240507100954.0
008 - ELEMENTOS DE DATO DE LONGITUD-FIJA
- campo de control de longitud fija: 230720|| aca||aabn | a|a d
040 ## - FUENTE DE CATALOGACIÓN
- Centro catalogador/agencia de origen: ES-MaACL
- Centro/agencia transcriptor: ES-MaACL
100 ## - ENCABEZAMIENTO-NOMBRE DE PERSONA
- Nombre de persona: Perles Navarro, María
373 ## - GRUPO ASOCIADO
- Grupo asociado: Ateneo de Madrid
- Período de inicio: 2022
400 ## - TRAZADO DE VÉASE--NOMBRE DE PERSONA
- Nombre de persona: Perles, María
400 ## - TRAZADO DE VÉASE--NOMBRE DE PERSONA
- Nombre de persona: Nadir, A.
670 ## - FUENTE DE DATOS ENCONTRADOS
- Cita de la fuente: Work cat.: (ES-MaACL)192997: Perles, María, Fragmentaria /
